An International redistribution of wealth and power (Record no. 47475)
[ view plain ]
| 000 -LEADER | |
|---|---|
| fixed length control field | 01024nam a2200241 a 4500 |
| 008 - FIXED-LENGTH DATA ELEMENTS--GENERAL INFORMATION | |
| fixed length control field | 120416s1979 ||||||||||||||||| || u |
| 020 ## - INTERNATIONAL STANDARD BOOK NUMBER | |
| International Standard Book Number | 0080224784 |
| 050 ## - LIBRARY OF CONGRESS CALL NUMBER | |
| Classification number | K 48 Mea |
| 100 ## - MAIN ENTRY--PERSONAL NAME | |
| Personal name | Meagher, Robert F |
| 245 13 - TITLE STATEMENT | |
| Title | An International redistribution of wealth and power |
| 246 ## - VARYING FORM OF TITLE | |
| Title proper/short title | a study of the Charter of economic rights and duties of states |
| 260 ## - PUBLICATION, DISTRIBUTION, ETC. | |
| Place of publication, distribution, etc. | New York |
| Name of publisher, distributor, etc. | Pergamon Press |
| Date of publication, distribution, etc. | 1979 |
| 300 ## - PHYSICAL DESCRIPTION | |
| Extent | xvii, 303p. |
| 350 ## - PRICE (NR) (BK AM CF MU VM SE) [OBSOLETE] | |
| Price | 0.00 |
| 490 ## - SERIES STATEMENT | |
| Series statement | Pergamon policy studies |
| 490 ## - SERIES STATEMENT | |
| Volume/sequential designation | no. 21 |
| 500 ## - GENERAL NOTE | |
| General note | 'The Charter of economic rights and duties of States': p. 181-193. -Includes index. -Bibliography: p. 287-298. |
| 650 #0 - SUBJECT ADDED ENTRY--TOPICAL TERM | |
| Topical term or geographic name entry element | INTERNATIONAL ECONOMIC RELATIONS |
| 650 ## - SUBJECT ADDED ENTRY--TOPICAL TERM | |
| Topical term or geographic name entry element | GOVERNMENT |
| 650 #0 - SUBJECT ADDED ENTRY--TOPICAL TERM | |
| Topical term or geographic name entry element | UNITED NATIONS, GENERAL ASSEMBLY--CHARTER OF ECONOMIC AND DUTIES OF STATES |
| 710 ## - ADDED ENTRY--CORPORATE NAME | |
| Corporate name or jurisdiction name as entry element | United Nations. General Assembly. Human Rights Council |
| 995 ## - RECOMMENDATION 995 [LOCAL, UNIMARC FRANCE] | |
| -- | 0.00 |
| -- | CBU-MAIN LIBRARY (Kitwe) |
| -- | 1 |
| -- | 0.00 |
| -- | 1 |
| -- | AVAILABLE |
| -- | Annex Low-Usage Collection |
| Withdrawn status | Lost status | Source of classification or shelving scheme | Damaged status | Not for loan | Home library | Current library | Shelving location | Date acquired | Total Checkouts | Full call number | Barcode | Date last seen | Price effective from | Koha item type |
|---|---|---|---|---|---|---|---|---|---|---|---|---|---|---|
| CBU-MAIN LIBRARY, KITWE. | CBU-MAIN LIBRARY, KITWE. | 11/30/2022 | K 48 Mea | 008519 | 11/30/2022 | 11/30/2022 | MONOGRAPH |